书目信息 |
| 题名: |
软装设计实例图解教程
|
|
| 作者: | 赵利平 主编 | |
| 分册: | ||
| 出版信息: | 北京 人民邮电出版社 2017.6 |
|
| 页数: | 208页 | |
| 开本: | 26cm | |
| 丛书名: | ||
| 单 册: | ||
| 中图分类: | TU238.2 | |
| 科图分类: | ||
| 主题词: | 室内装饰设计--教材 | |
| 电子资源: | ||
| ISBN: | 978-7-115-45155-2 | |
| 000 | 00864nam0 2200229 450 | |
| 001 | 0400003257 | |
| 005 | 20171022080302.0 | |
| 010 | @a978-7-115-45155-2@dCNY65.00 | |
| 100 | @a20171018d2017 em y0chiy50 ea | |
| 101 | 0 | @achi |
| 102 | @aCN@b110000 | |
| 105 | @aa z 000yy | |
| 106 | @ar | |
| 200 | 1 | @a软装设计实例图解教程@9ruan zhuang she ji shi li tu jie jiao cheng@f赵利平主编 |
| 210 | @a北京@c人民邮电出版社@d2017.6 | |
| 215 | @a208页@d26cm | |
| 330 | @a本书从软装元素系统分类入手,深入解读家居软装的设计技巧。本书的主要内容包括软装的基本分类,13类软装元素的类别介绍及其搭配技巧和应用方法,九大潮流家居风格的完整介绍,六大空间软装搭配秘笈,以及针对五大主流人群的软装实例解析等。 | |
| 606 | 0 | @a室内装饰设计@j教材 |
| 690 | @aTU238.2@v5 | |
| 701 | 0 | @a赵利平@9zhao li ping@4主编 |
| 801 | 0 | @aCN@b91MARC@c20171022 |
| 905 | @b1033511-5@dTU238.2@f5@e1172 | |
| 软装设计实例图解教程/赵利平主编.-北京:人民邮电出版社,2017.6 |
| 208页;26cm |
| ISBN 978-7-115-45155-2:CNY65.00 |
| 本书从软装元素系统分类入手,深入解读家居软装的设计技巧。本书的主要内容包括软装的基本分类,13类软装元素的类别介绍及其搭配技巧和应用方法,九大潮流家居风格的完整介绍,六大空间软装搭配秘笈,以及针对五大主流人群的软装实例解析等。 |
| ● |
| 相关链接 |
|
|
|
|
正题名:软装设计实例图解教程
索取号:TU238.2/1172
 
预约/预借
| 序号 | 登录号 | 条形码 | 馆藏地/架位号 | 状态 | 备注 |
| 1 | 1033511 | 210335118 | 第二样本阅览室/ [索取号:TU238.2/1172] | 在馆 | |
| 2 | 1033512 | 210335127 | 密集书库-生命科学系/ [索取号:TU238.2/1172] | 在馆 | |
| 3 | 1033513 | 210335136 | 第三借阅区/ [索取号:TU238.2/1172] | 在馆 | |
| 4 | 1033514 | 210335145 | 第三借阅区/ [索取号:TU238.2/1172] | 在馆 | |
| 5 | 1033515 | 210335154 | 第三借阅区/ [索取号:TU238.2/1172] | 在馆 |